Bears (Sudden Death) - Statistics

General Stats
  • This quiz has been taken 93 times
  • The average score is 4 of 8
Answers on the Grid
Answers color-coded by a green-red scale on the quiz's grid according to % correct below.
Giant panda
Atlas bear
American black bear
Brown bear
Cinnamon bear
Sloth bear
Grizzly bear
Sun bear
Asiatic black bear
Spirit bear
Kodiak bear
Spectacled bear
Florida cave bear
Himalayan brown bear
Polar bear
Steppe brown bear
 
Answer Stats
Answer % Correct
Brown bear
75%
Giant panda
73%
American black bear
63%
Sloth bear
39%
Polar bear
38%
Sun bear
38%
Spectacled bear
30%
Asiatic black bear
23%
No matching quizzes found
Score Distribution
Percent of People with Each Score
Percentile by Number Answered
Your Score History
You have not taken this quiz